000 00429nab a2200145Ia 4500
003 ES-SlBCS
005 20210601130310.0
008 140529s2004 xxu||||| |||| 00| 0 fre d
041 _afre
100 1 _aHénaff, Marcel
_957591
245 0 0 _a1963-2003: l'anthropologue face à la philosophie
_c Marcel Hénaff
600 1 4 _aLévi-Strauss, Claude
_995705
773 0 _tEsprit
_gnº. 301, 2004, págs. 88-109
_wRev1438
942 _cAR
999 _c544347
_d544347